Rappeurs français Province (ni Paris ni Marseille) - Statistiques

Statistiques générales
  • Ce quiz a été pris 217 fois
  • Le résultat moyen est 4 sur 31
Statistiques - réponses
Villes Rappeurs % Correct
Caen Orelsan
80%
Roubaix Zkr
47%
Le Havre Médine
45%
Orléans Dosseh
28%
Rennes Lorenzo
24%
Toulouse Laylow
19%
Vierzon Josman
15%
Montpellier Ateyaba
12%
Blois Niro
12%
Sète Demi Portion
7%
Creil Naza
7%
Nice Infinit'
6%
Lille Ben plg
5%
Lyon Bushi
5%
Toulon Deen Burbigo
5%
Perpignan Némir
5%
Rouen Rilès
5%
Mulhouse Siboy
5%
Sarrebourg 7 Jaws
3%
Angers Georgio
3%
Grenoble Tortoz
3%
Nantes Coelho
2%
Bordeaux Khali
2%
Avignon Luther
2%
Strasbourg Ash Kidd
1%
Cholet Boostee
1%
Dunkerque H JeuneCrack
1%
La Roche-sur-Yon Myth Syzer
1%
Reims thaHomey
1%
Quimper Kéroué
0%
Saint-Etienne Zed Yun Pavarotti
0%
Aucun quiz correspondant
Distribution des résultats
% des personnes avec chaque résultat
Percentile par nombre de réponses
Votre historique - résultats
Vous n’avez pas pris ce quiz